Atlanta Hawks All-Time Starters - Statistics

General Stats
  • This quiz has been taken 36 times
  • The average score is 4 of 7
Answer Stats
Hint Answer % Correct
SF Dominique Wilkins
94%
PG Lenny Wilkens
91%
C Dikembe Mutombo
79%
PF Bob Pettit
71%
SG Lou Hudson
47%
6th man Cliff Hagan
29%
Coach Richie Guerin
9%
No matching quizzes found
Score Distribution
Percent of People with Each Score
Percentile by Number Answered
Your Score History
You have not taken this quiz